Katholisch und evangelisch

Titel: Katholisch und evangelisch / von Leopold Cordier
Verfasser:
Ausgabe: 2. Aufl.
Veröffentlicht: Elberfeld : Buyer, 1924
Umfang: 47 S.
Format: Buch
Sprache: Deutsch
Kein Bild verfügbar
X
Lokale Klassifikation: 3 11 D ; 3 11 G ; 3 11 A
alg: 33589196
001A    $03004:29-01-14 
001B    $01999:09-06-23 $t21:21:50.000 
001D    $03004:29-01-14 
001U    $0utf8 
001X    $00 
002@    $0Aau 
003@    $0335891969 
003O    $0633830545 $aOCoLC 
006L    $0BV041078668 $2BVB 
007A    $0BV041078668 $aBVB 
010@    $ager 
011@    $a1924 $n1924 
021A    $aKatholisch und evangelisch $hvon Leopold Cordier 
028A    $#Cordier, Heinrich Leopold $7137432534 $8Cordier, Leopold$Z1887-1939 [Tp1] $920958579X 
032@    $a2. Aufl. 
033A    $pElberfeld $nBuyer 
034D    $a47 S. 
045F    $a200.943 $eDDC23BSB 
045F/01 $a200.9 
045F/03 $g43 

lok: 33589196 24
101B    $029-01-14 $t15:00:32.000 
101C    $029-01-14 
101U    $0utf8 
145Z/01 $a3 11 D 
145Z/02 $a3 11 G 
145Z/03 $a3 11 A 

exp: 33589196 24 1 #EPN
201B/01 $003-02-14 $t10:47:28.000 
201C/01 $029-01-14 
201U/01 $0utf8 
203@/01 $0726392693 
208@/01 $a03-02-14 $bz 
209A/01 $aS 28512 $du $f050 $hS 28512 $x00 
209C/01 $a14.00466 G $h14 00466 G 
209G/01 $a73400503 $x00 
220C/01 $ahae 
247C/01 $8358050-7 Marburg, Bibliothek des Herder-Instituts Marburg $9102600961
LEADER 00000cam a2200000 c 4500
001 335891969
003 DE-603
005 20230609212150.0
007 tu
008 140129s1924 xx |||| | u00||u|ger c
035 |a (DE-599)BVBBV041078668 
035 |a (DE-604)BV041078668 
035 |a (OCoLC)633830545 
040 |a DE-603  |b ger  |c DE-603  |d DE-603 
041 |a ger 
082 0 4 |8 1\u  |a 200.943  |q DE-101  |2 23/BSB 
085 |8 1\u  |b 200.9 
085 |8 1\u  |z 2  |s 43 
100 1 |a Cordier, Leopold  |d 1887-1939  |0 (DE-603)20958579X  |0 (DE-588)137432534  |2 gnd 
245 0 0 |a Katholisch und evangelisch  |c von Leopold Cordier 
250 |a 2. Aufl. 
264 1 |a Elberfeld  |b Buyer  |c 1924 
300 |a 47 S. 
924 0 |9 Mb 50  |a (DE-603)726392693  |b DE-Mb50  |c HES  |d c  |g S 28512